| 000 | 00000nam 2200000zi 4500 |
| 001 | 9.895674 |
| 003 | CaOODSP |
| 005 | 20240403104501 |
| 006 | m o d f |
| 007 | cr |n||||||||| |
| 008 | 210126s1970 onca o f000 0|eng d |
| 040 | |aCaOODSP|beng|erda|cCaOODSP |
| 041 | 0 |aeng|afre |
| 043 | |an-cn---|aa-ja--- |
| 086 | 1 |aC23-194/1970-PDF |
| 245 | 00|aJury report : |barchitectural competition for the Canadian Government Pavilion at the Japan World Exposition Osaka 1970 = rapport du jury : concours d'architecture du pavilion canadien pour l'Exposition universelle qui se tiendra à Osaka en 1970. |
| 246 | 11|aRapport du jury : |bconcours d'architecture du pavilion canadien pour l'Exposition universelle qui se tiendra à Osaka en 1970 |
| 264 | 1|a[Ottawa] : |bDepartment of Trade and Commerce, |c[1970] |
| 300 | |a1 online resource (87 unnumbered pages) : |billustrations |
| 336 | |atext|btxt|2rdacontent |
| 337 | |acomputer|bc|2rdamedia |
| 338 | |aonline resource|bcr|2rdacarrier |
| 500 | |aDigitized edition from print [produced by Innovation, Science and Economic Development Canada]. |
| 546 | |aText in English and French. |
| 610 | 20|aExpo '70 (Osaka, Japan). |bCanada Pavilion. |
| 650 | 0|aArchitecture|xExhibitions. |
| 710 | 1 |aCanada. |bDepartment of Trade and Commerce, |eissuing body. |
| 792 | |tJury report : |efre|w(CaOODSP)9.936258 |
| 856 | 40|qPDF|s7.36 MB|uhttps://publications.gc.ca/collections/collection_2024/isde-ised/c23/C23-194-1970.pdf |